War and anti-war / (Record no. 347036)
[ view plain ]
| 000 -LEADER | |
|---|---|
| fixed length control field | 01698 a2200181 4500 |
| 020 ## - INTERNATIONAL STANDARD BOOK NUMBER | |
| International Standard Book Number | 0751509388 (hardcover) |
| 020 ## - INTERNATIONAL STANDARD BOOK NUMBER | |
| International Standard Book Number | 9780751509380 (hardcover) |
| 090 ## - LOCALLY ASSIGNED LC-TYPE CALL NUMBER (OCLC); LOCAL CALL NUMBER (RLIN) | |
| -- | 4595 |
| -- | 4595 |
| 100 1# - MAIN ENTRY--PERSONAL NAME | |
| Personal name | Toffler, Alvin. |
| 245 10 - TITLE STATEMENT | |
| Title | War and anti-war / |
| Statement of responsibility, etc. | Alvin Toffler. |
| 260 ## - PUBLICATION, DISTRIBUTION, ETC. | |
| Place of publication, distribution, etc. | [S.l.] : |
| Name of publisher, distributor, etc. | Warner Books, |
| Date of publication, distribution, etc. | 1995. |
| 300 ## - PHYSICAL DESCRIPTION | |
| Extent | 412 p. |
| 490 1# - SERIES STATEMENT | |
| Series statement | Spanish edition. |
| 520 ## - SUMMARY, ETC. | |
| Summary, etc. | This book examines the subject that has haunted mankind since its origins - war. Beginning with an analysis of warfare in the past, it offers insights into today's conflicts - and a portrait of the future face of battle. Its premise is that the forms of war follow forms of economic activity. In pre-industrial agrarian societies, men fought hand-to-hand. With the age of mass production came mass destruction - the savage bombing sorties of World War II and Vietnam, as well as the omnipresent threat of nuclear annihilation. The "smart bombs" of the Gulf conflict, it warns, are precursors of what war could become as the information age unfolds: a battlefield dominated by "intelligent" weapons systems, from tiny, antlike robots that crawl into an adversary's headquarters to "autonomous arms" that, once programmed, decide when, and towards whom, they fire. The authors show how changes in the media business and the global economy are blurring the distinction between news and psychological warfare, and they call for bloodless battle (anti-war) as a new approach to world peace. Other work by the authors includes "Future Shock", "Third Wave" and "Powershift". |
| 830 #0 - SERIES ADDED ENTRY--UNIFORM TITLE | |
| Uniform title | Spanish edition. |
| 856 40 - ELECTRONIC LOCATION AND ACCESS | |
| Materials specified | Amazon.com |
| Uniform Resource Identifier | <a href="http://www.amazon.com/exec/obidos/ASIN/0751509388/chopaconline-20">http://www.amazon.com/exec/obidos/ASIN/0751509388/chopaconline-20</a> |
| 942 ## - ADDED ENTRY ELEMENTS (KOHA) | |
| Institution code [OBSOLETE] | NBS |
| Koha item type | Book |
| Call number prefix | 355.02 TOF |
| Withdrawn status | Lost status | Damaged status | Not for loan | Permanent Location | Current Location | Date acquired | Total Checkouts | Full call number | Barcode | Date last seen | Date last checked out | Price effective from | Koha item type |
|---|---|---|---|---|---|---|---|---|---|---|---|---|---|
| Central Library (CL) | Central Library (CL) | 08/28/2013 | 2 | 355.02 TOF | NBS6857 | 01/04/2026 | 01/03/2026 | 08/28/2013 | Book |
